Regresná analýza vplyvu globalizácie na inovačné výdavky v EÚ
Kvantifikácia globalizácie a jej vzťah k inovačným výdavkom. Vplyv globalizácie na inovačné výdavky v závislosti od inovačnej výkonnosti. Parciálny výstup z výskumu zameraného na inovačné výdavky v Európskej únii a vplyv globalizácie na ich vývoj v interakcii so sociálnymi výdavkami.
Salvato in:
| Autore principale: | |
|---|---|
| Natura: | Capitolo di libro |
| Lingua: | slovacco |
| Soggetti: | |
| Tags: |
Nessun Tag, puoi essere il primo ad aggiungerne!!
|
MARC
| LEADER | 00000nla$a2200000$$$4500 | ||
|---|---|---|---|
| 001 | 0149698 | ||
| 005 | 20240502072707.1 | ||
| 041 | 0 | |a slo | |
| 044 | |a SK | ||
| 245 | 1 | 0 | |a Regresná analýza vplyvu globalizácie na inovačné výdavky v EÚ |c Paula Puškárová |
| 520 | |a Kvantifikácia globalizácie a jej vzťah k inovačným výdavkom. Vplyv globalizácie na inovačné výdavky v závislosti od inovačnej výkonnosti. Parciálny výstup z výskumu zameraného na inovačné výdavky v Európskej únii a vplyv globalizácie na ich vývoj v interakcii so sociálnymi výdavkami. | ||
| 610 | 2 | 0 | |a globalizácia |
| 610 | 2 | 0 | |a inovácia |
| 610 | 2 | 0 | |a výdavky |
| 610 | 2 | 0 | |a modely regresné |
| 100 | 1 | |a Puškárová, Paula, 1985- | |